00481nam a2200121Ia 4500008004100000245016700041260004500208260000900253300000900262500001200271650001300283856006300296170516s9999 xx 000 0 und d aLipid-albumin nanoassemblies co-loaded with borneol and paclitaxel for intracellular drug delivery to C6 glioma cells with P-gp inhibition and its tumor targeting bAsian Journal of Pharmaceutical Sciences c2015 a10:5 aOctober xPharmacy uhttp://www.sciencedirect.com/science/journal/18180876/10/5